Ciné Quiz #3 - Statistiques

Statistiques générales
  • Ce quiz a été pris 58 fois
  • Le résultat moyen est 8 sur 15
Statistiques - réponses
Par images Réponse % Correct
Kill Bill: Vol. 1 - Quentin Tarantino
94%
Interstellar - Christopher Nolan
90%
Fight Club - David Fincher
88%
Le Pianiste - Roman Polanski
71%
Le Cercle des poètes disparus - Peter Weir
67%
Shutter Island - Martin Scorcese
67%
American History X - Tony Kaye
57%
Into the Wild - Sean Penn
45%
Les Infiltrés -Martin Scorcese
45%
Snatch - Guy Ritchie
45%
Mystic River - Clint Eastwood
37%
There Will Be Blood - Paul Thomas Anderson
35%
Les Fils de l'homme - Alfonso Cuarón
22%
The Northman - Robert Eggers
18%
The Lobster - Yorgos Lanthimos
8%
Aucun quiz correspondant
Distribution des résultats
% des personnes avec chaque résultat
Percentile par nombre de réponses
Votre historique - résultats
Vous n’avez pas pris ce quiz